Statistics for Random Drummers by Picture

Click here to take the quiz!

General Stats

  • This quiz has been taken 203 times
  • The average score is 4 of 15

Answer Stats

Answer% Correct
Lars Ulrich
71%
Chad Smith
51%
Travis Barker
49%
Keith Moon
47%
Stewart Copeland
43%
Taylor Hawkins
34%
Questlove
32%
Max Weinberg
28%
Nick Mason
19%
Mike Portnoy
14%
Jeff Porcaro
11%
Steve Gadd
10%
Carter Beauford
9%
Simon Phillips
5%
Vinnie Colaiuta
5%

Score Distribution

Percentile by Number Answered

Percent of People with Each Score

Your Score History

You have not taken this quiz